| 000 | 00000cas 2200000za 4500 |
| 001 | 9.507350 |
| 003 | CaOODSP |
| 005 | 20260514134802 |
| 007 | cr ||||||||||| |
| 008 | 150406c20099999oncar p o s f0 a0eng|d |
| 022 | |a1926-2485 |
| 040 | |aCaOODSP|beng |
| 043 | |an-cn--- |
| 086 | 1 |aBT1-28E-PDF |
| 110 | 1 |aCanada. |bTreasury Board. |
| 222 | 0|aEmployment equity in the public service of Canada |b(Canada. Treasury Board) |
| 245 | 10|aEmployment equity in the public service of Canada |h[electronic resource] : |bannual report to Parliament. |
| 246 | 13|aEmployment equity in the public service of Canada : |bannual report |
| 246 | 13|aEmployment equity in the public service of Canada for fiscal year ... |
| 260 | |a[Ottawa] : |bTreasury Board of Canada Secretariat, |c2010- |
| 310 | |aAnnual |
| 362 | 1 |aBegan with 2008/09. |
| 500 | |aIssued also in French under title: L'équité en emploi dans la fonction publique du Canada. |
| 530 | |aIssued also in printed form. |
| 690 | 07|aEmployment equity|2gcpds |
| 690 | 07|aPublic service|2gcpds |
| 775 | 08|tL'équité en matière d'emploi dans la fonction publique du Canada |w(CaOODSP)9.503741 |
| 775 | 08|tL'équité en emploi dans la fonction publique du Canada |w(CaOODSP)9.503740 |
| 780 | 00|tEmployment equity in the Public Service of Canada : |w(CaOODSP)9.506277 |